000
00288nam a22001337a 4500
008
170925b xxu||||| |||| 00| 0 eng d
020
_a
9780679750314
041
_a
eng
080
_a
37
100
_a
46
101
_a
EDU
245
_a
THE END OF EDUCATION
_c
POSTMAN,N
942
_2
udc
_c
BK
999
_c
29494
_d
29494